<?xml version="1.0" encoding="UTF-8"?><?xml-stylesheet type="text/xsl" href="static/style.xsl"?><OAI-PMH xmlns="http://www.openarchives.org/OAI/2.0/" xmlns:xsi="http://www.w3.org/2001/XMLSchema-instance" xsi:schemaLocation="http://www.openarchives.org/OAI/2.0/ http://www.openarchives.org/OAI/2.0/OAI-PMH.xsd"><responseDate>2026-04-13T01:20:20Z</responseDate><request verb="GetRecord" identifier="oai:www.recercat.cat:2072/472914" metadataPrefix="marc">https://recercat.cat/oai/request</request><GetRecord><record><header><identifier>oai:recercat.cat:2072/472914</identifier><datestamp>2024-11-04T07:07:19Z</datestamp><setSpec>com_2072_98</setSpec><setSpec>col_2072_378192</setSpec></header><metadata><record xmlns="http://www.loc.gov/MARC21/slim" xmlns:dcterms="http://purl.org/dc/terms/" xmlns:xsi="http://www.w3.org/2001/XMLSchema-instance" xmlns:doc="http://www.lyncode.com/xoai" xsi:schemaLocation="http://www.loc.gov/MARC21/slim http://www.loc.gov/standards/marcxml/schema/MARC21slim.xsd">
   <leader>00925njm 22002777a 4500</leader>
   <datafield ind2=" " ind1=" " tag="042">
      <subfield code="a">dc</subfield>
   </datafield>
   <datafield ind2=" " ind1=" " tag="720">
      <subfield code="a">Chi, Huidong</subfield>
      <subfield code="e">author</subfield>
   </datafield>
   <datafield ind2=" " ind1=" " tag="720">
      <subfield code="a">Vargas-Urpi, Mireia</subfield>
      <subfield code="e">author</subfield>
   </datafield>
   <datafield ind2=" " ind1=" " tag="720">
      <subfield code="a">Bestué, Carmen</subfield>
      <subfield code="e">author</subfield>
   </datafield>
   <datafield ind2=" " ind1=" " tag="260">
      <subfield code="c">2023</subfield>
   </datafield>
   <datafield ind2=" " ind1=" " tag="520">
      <subfield code="a">Este trabajo presenta un enfoque sistemático para medir la calidad de la interpretación y expone su aplicación en un corpus de grabaciones en vídeo de vistas penales reales celebradas en los Juzgados de lo Penal de Barcelona en los que hubo interpretación entre el chino y el español. El trabajo tiene como objetivo describir en detalle la metodología que hemos utilizado para identificar, categorizar y analizar las soluciones de traducción propuestas por los intérpretes en los procesos penales. Las grabaciones en vídeo se han transcrito, anotado y analizado teniendo en cuenta las dos variables dependientes establecidas en el proyecto TIPp para las combinaciones lingüísticas inglés-español, francés-español y rumano-español (véase Arumí et al., 2017): problemas textuales y problemas interaccionales. Sin embargo, ante la relevancia de ciertos fenómenos detectados en la interpretación español-chino ha sido necesario crear ocho nuevas categorías de análisis específicas como respuesta metodológica. En este trabajo se detallan las definiciones de los problemas textuales para todas las categorías (tanto las formuladas en la propuesta del proyecto TIPp como las de nueva creación), los indicadores cuantificables desarrollados, los ejemplos concretos extraídos del corpus y algunos resultados que se han obtenido sobre la práctica de la interpretación judicial español-chino que cuestionan la calidad del servicio prestado por estos profesionales.</subfield>
   </datafield>
   <datafield ind2=" " ind1=" " tag="520">
      <subfield code="a">This paper outlines a systematic approach to assess the accuracy of interpretation and presents its application to a corpus of video recordings of actual criminal hearings held in the Criminal Courts of Barcelona, in which was provided interpretation between Chinese and Spanish. The paper aims to describe in detail the methodology we have used to identify, categorise, and analyse the translation solutions proposed by the interpreters in criminal proceedings. The video recordings have been transcribed, annotated and analysed considering the two dependent variables established in the TIPp project for English-Spanish, French-Spanish and Romanian-Spanish language combinations (see Arumí et al., 2017): textual problems and interactional problems. However, given the relevance of certain phenomena detected in Spanish-Chinese interpretation, it has been necessary to create eight new specific categories of analysis as a methodological response. This paper details the definitions of textual problems for all categories (both those formulated in the TIPp project proposal and the newly created ones), the quantifiable indicators developed, the specific examples extracted from the corpus and some results obtained on the practice of Spanish-Chinese court interpreting that question the quality of the service provided by these professionals.</subfield>
   </datafield>
   <datafield ind1="8" ind2=" " tag="024">
      <subfield code="a">http://hdl.handle.net/2072/472914</subfield>
   </datafield>
   <datafield tag="653" ind2=" " ind1=" ">
      <subfield code="a">Interpretación judicial</subfield>
   </datafield>
   <datafield tag="653" ind2=" " ind1=" ">
      <subfield code="a">Anotación de un corpus oral</subfield>
   </datafield>
   <datafield tag="653" ind2=" " ind1=" ">
      <subfield code="a">Calidad de la interpretación</subfield>
   </datafield>
   <datafield tag="653" ind2=" " ind1=" ">
      <subfield code="a">Problemas textuales</subfield>
   </datafield>
   <datafield tag="653" ind2=" " ind1=" ">
      <subfield code="a">Interpretación español-chino</subfield>
   </datafield>
   <datafield tag="653" ind2=" " ind1=" ">
      <subfield code="a">Court interpreting</subfield>
   </datafield>
   <datafield tag="653" ind2=" " ind1=" ">
      <subfield code="a">Annotation of an oral corpus</subfield>
   </datafield>
   <datafield tag="653" ind2=" " ind1=" ">
      <subfield code="a">Interpreting quality</subfield>
   </datafield>
   <datafield tag="653" ind2=" " ind1=" ">
      <subfield code="a">Textual problems</subfield>
   </datafield>
   <datafield tag="653" ind2=" " ind1=" ">
      <subfield code="a">Spanish-Chinese interpreting</subfield>
   </datafield>
   <datafield ind2="0" ind1="0" tag="245">
      <subfield code="a">La evaluación de la calidad de la interpretación judicial entre el chino y el español en los procesos penales : propuesta de categorías específicas para esta combinación</subfield>
   </datafield>
</record></metadata></record></GetRecord></OAI-PMH>